00598nam a22001937a 450000500170000001000130001702000220003003700160005204000120006808200150008010000290009524500730012426000420019727000540023930000200029350000480031365000230036165000200038420170124105930.0 aA-760461 c00.00a8185445842 bCen Lib/Ret aDPLbEN a374.4bRAM aRamanujam, P . Renga  aRefelection on distance education for india /cby P .Renga Ramanujam aNew Delhi bMayank Publicationsc1995 aG-19, Vijay Chowk, Laxmi NagarbNew Delhie110092 a173p.c20cm(Hb) aincludes bibliographic references and index aDistance education aDemocratisation